000 00420nam a2200109Ia 4500
008 180205s9999 xx 000 0 und d
020 _a9789715066471
100 _aBaluyut, Perlie Rose S.
245 _aInstitutions and icons of patronage :
_barts and culture in the Philippines during the Marcos years, 1965-1986
260 _aEspaƱa, Manila
_bUniversity of Santo tomas publishing house
_c2012
300 _aviii, 175 pages
999 _c354770
_d354770